| 000 | 00606nam a22001457a 4500 | ||
|---|---|---|---|
| 020 | _a978-1-4169-5499-6 | ||
| 082 |
_a823 _bDIX/H |
||
| 100 | _aDIXON, FRANKLIN W | ||
| 245 | _aTHE HARDY BOYS - FEEDING FRENZY | ||
| 260 |
_aNEW YORK _bALADDIN PAPERBACKS _c2008 |
||
| 300 | _a152 | ||
| 520 | _aMISSION: To uncover the truth behind a mysterious death at the first qualifying round for Football Frank's Super Bowl hot dog eating contest. LOCATION: The qualifying rounds are in Miami; the final competition takes place during the Super Bowl halftime show. | ||
| 650 |
_aMYSTERY STORY _zUNITED STATES |
||
| 942 | _cBK | ||
| 999 |
_c7813 _d7813 |
||